<?xml version="1.0" encoding="UTF-8"?>
<record
    xmlns:xsi="http://www.w3.org/2001/XMLSchema-instance"
    xsi:schemaLocation="http://www.loc.gov/MARC21/slim http://www.loc.gov/standards/marcxml/schema/MARC21slim.xsd"
    xmlns="http://www.loc.gov/MARC21/slim">

  <leader>     nam a22     7a 4500</leader>
  <datafield tag="999" ind1=" " ind2=" ">
    <subfield code="c">7223</subfield>
    <subfield code="d">7223</subfield>
  </datafield>
  <controlfield tag="003">OSt</controlfield>
  <controlfield tag="005">20190529164944.0</controlfield>
  <controlfield tag="008">190529e201902  spc|||| ||||| 0|0 f spa|d</controlfield>
  <datafield tag="017" ind1=" " ind2=" ">
    <subfield code="a">DL B 28585-2018</subfield>
    <subfield code="b">Biblioteca de Catalunya</subfield>
  </datafield>
  <datafield tag="020" ind1=" " ind2=" ">
    <subfield code="a">9788417181611</subfield>
  </datafield>
  <datafield tag="040" ind1=" " ind2=" ">
    <subfield code="c">CDMR</subfield>
    <subfield code="c">CDMR</subfield>
  </datafield>
  <datafield tag="100" ind1="1" ind2=" ">
    <subfield code="a">L&#xF3;pez, Alfonso</subfield>
    <subfield code="d">1950-</subfield>
    <subfield code="9">2151</subfield>
  </datafield>
  <datafield tag="245" ind1="1" ind2="0">
    <subfield code="a">Llegar&#xE1; el invierno </subfield>
    <subfield code="c">/ Alfonso L&#xF3;pez, Pepe G&#xE1;lvez ; pr&#xF3;logo de Andreu Mart&#xED;n</subfield>
  </datafield>
  <datafield tag="260" ind1=" " ind2=" ">
    <subfield code="a">Barcelona :</subfield>
    <subfield code="b">Navona Editorial,</subfield>
    <subfield code="c">2019</subfield>
  </datafield>
  <datafield tag="300" ind1=" " ind2=" ">
    <subfield code="a">92 p. :</subfield>
    <subfield code="b">il;</subfield>
    <subfield code="c">24 cm</subfield>
  </datafield>
  <datafield tag="650" ind1="0" ind2="7">
    <subfield code="2">lemac</subfield>
    <subfield code="9">3084</subfield>
    <subfield code="a">Humorisme gr&#xE0;fic</subfield>
  </datafield>
  <datafield tag="700" ind1="1" ind2=" ">
    <subfield code="a">G&#xE1;lvez, Pepe,</subfield>
    <subfield code="d">1950-</subfield>
  </datafield>
  <datafield tag="942" ind1=" " ind2=" ">
    <subfield code="c">MON</subfield>
  </datafield>
  <datafield tag="952" ind1=" " ind2=" ">
    <subfield code="0">0</subfield>
    <subfield code="1">0</subfield>
    <subfield code="4">0</subfield>
    <subfield code="7">0</subfield>
    <subfield code="a">CDMR</subfield>
    <subfield code="b">CDMR</subfield>
    <subfield code="d">2019-05-29</subfield>
    <subfield code="e">Donaci&#xF3;</subfield>
    <subfield code="g">18.00</subfield>
    <subfield code="l">2</subfield>
    <subfield code="m">1</subfield>
    <subfield code="o">Di 5/44</subfield>
    <subfield code="p">CDMR19050010</subfield>
    <subfield code="r">2019-10-10</subfield>
    <subfield code="s">2019-09-19</subfield>
    <subfield code="v">18.00</subfield>
    <subfield code="w">2019-05-29</subfield>
    <subfield code="y">MON</subfield>
  </datafield>
</record>
